LES FRERES KARAMAZOV / (Record no. 4733)
[ view plain ]
| 000 -الفاتح | |
|---|---|
| حقل البيانات ثابتة الطول | 00578nam a2200205Ia 4500 |
| 008 - عناصر البيانات ثابتة الطول - معلومات عامة | |
| حقل البيانات ثابتة الطول | 140319s9999 xx 000 0 eng d |
| 040 ## - مصدر الفهرسة | |
| وكالة الفهرسة الأصلية | GCL / |
| وكالة النسخ | GCL |
| 082 04 - رقم تصنيف ديوى العشرى | |
| رقم التصنيف | 891.7 |
| رقم المادة | D F |
| 100 1# - المدخل الرئيسى - إسم شخصى | |
| الإسم الشخصى | DOSTOEVSKY, FYODOR |
| 245 10 - بيان العنوان | |
| العنوان | LES FRERES KARAMAZOV / |
| بيان المسئوليه,etc | DOSTOEVSKY, FYODOR |
| 700 1# - المدخل الاضافى - اسم شخصى | |
| الإسم الشخصى | ETIENNE, ROLAND |
| 700 1# - المدخل الاضافى - اسم شخصى | |
| الإسم الشخصى | MONGAULT, H |
| 260 ## - PUBLICATION, DISTRIBUTION, ETC. (IMPRINT) | |
| تاريخ النشر أو التوزيع | 1962 |
| 300 ## - الوصف المادى | |
| التعداد | 18 CM ؛ |
| أبعاد الوعاء | 2 VOL. |
| 650 04 - المدخل الاضافى بالموضوع-مصطلح موضوعى | |
| مصطلح موضوعي | RUSSIAN LITERATURE |
| 650 04 - المدخل الاضافى بالموضوع-مصطلح موضوعى | |
| مصطلح موضوعي | RUSSIA - FICTION |
| 650 04 - المدخل الاضافى بالموضوع-مصطلح موضوعى | |
| مصطلح موضوعي | RUSSIAN LITERATURE - TRANSLATION INTO FRENCH |
| 942 ## - عناصر المدخل الإضافي( كوها) | |
| مصدر التصنيف او مخطط الترفيف | Dewey Decimal Classification |
| Koha [default] item type | كتاب |
| 260 ## - PUBLICATION, DISTRIBUTION, ETC. (IMPRINT) | |
| -- | فرنسا : |
| -- | LE LIVRE DE POCHE ، |
| حالة التراجع | حالة الفقد | حالة تلف | ليس للاعارة | المكان المؤقت | الموقع الحالى | تاريخ الاكتساب | اجمالي اﻻعارات | رقم الطلب | الباركود | تاريخ اخر مشاهدة | تاريخ تفعيل السعر | نوع وعاء كوها |
|---|---|---|---|---|---|---|---|---|---|---|---|---|
| مكتبة القاهرة الكبرى | مكتبة القاهرة الكبرى | 03/26/2014 | 891.7\D F | 10658 | 03/26/2014 | 03/26/2014 | كتاب | |||||
| مكتبة القاهرة الكبرى | مكتبة القاهرة الكبرى | 03/26/2014 | 891.7\D F | 10659 | 03/26/2014 | 03/26/2014 | كتاب | |||||
| مكتبة القاهرة الكبرى | مكتبة القاهرة الكبرى | 03/26/2014 | 891.7\D F | 10660 | 03/26/2014 | 03/26/2014 | كتاب |

